| Поле | Инд. | ПП | Название | Значение |
|---|---|---|---|---|
| Тип записи | a | |||
| Библиографический уровень | a | |||
| 001 | Контрольный номер | 98263af63b1a42499fbc438bc9c77d2d | ||
| 005 | Дата корректировки | 20170315155553.9 | ||
| 020 | a | ISBN | 5-02-008878-1 | |
| 040 | a | Служба первич. каталог. | НБ ТвГУ | |
| b | Код языка каталог. | rus | ||
| e | Правила каталог. | PSBO | ||
| 041 | 0_ | a | Код языка текста | rus |
| 097 | b | Оператор | novikova | |
| 100 | 1_ | a | Автор | Лассинантти Гуннар |
| q | Полное имя | Лассинантти Г. | ||
| 245 | 10 | a | Заглавие | Шведская модель - третий путь? |
| c | Ответственность | пер. со швед. А. А. Комарова | ||
| 260 | a | Место издания | Москва | |
| b | Издательство | Наука | ||
| 520 | 0_ | a | Аннотация | Вопрос о том, не является ли шведская модель особым путем между капитализмом и коммунизмом, всегда вызывал большой интерес. |
| 653 | 0_ | a | Ключевые слова | Шведская модель |
| a | Ключевые слова | Швеция, страна | ||
| a | Ключевые слова | Демократия | ||
| a | Ключевые слова | Социал-демократия | ||
| 700 | 12 | a | Другие авторы | Комаров А. А. |
| e | Роль лиц | авт. пер. | ||
| 773 | 18 | w | Контрольный № источника | RU/IS/BASE/318428008 |
| t | Название источника | Северная Европа | ||
| d | Место и дата издания | Москва : Наука, 2003 | ||
| g | Прочая информация | Вып. 4. - С. 126-140 | ||
| 901 | t | Тип документа | a | |
| 920 | a | Оператор | Нови |